• 首页
  • 本馆介绍
  • 公告通知
  • 最新文献
  • 馆藏检索
  • 电子资源
  • 读者荐购
  • 参考咨询
  • CALIS
  • 我的图书馆
  • 登录
  • 详细信息显示
  • 放入我的书架
  • 预约/预借图书
  • 作者相关作品
  • 分类相关作品
  • 丛书相关作品
  • 出版社相关作品

书目信息

  • 表格格式
  • 工作单格式
  • 卡片格式
题名:
MCSE:Internet Information Server 4 14天自学教程
    
 
作者: 威尔 著 ;邓明 译
分册:  
出版信息: 北京   机械工业出版社  1999.01
页数: 16,333页
开本: 26cm
丛书名:
单 册:
中图分类: TP393 , TP393.4
科图分类: 73.879
主题词: 互联网络--网络服务器--教材
电子资源:
ISBN: 7-111-06960-9
 
 
 
 
 
000 01002nam0 2200277 450
001 2659736190
005 20260108164125.64
010    @a7-111-06960-9@dCNY49.00
100    @a20021005d1999 em y0chiy0110 ea
101 1  @achi@ceng
102    @aCN@b110000
105    @ay z 000yy
200 1  @aMCSE:Internet Information Server 4 14天自学教程 @9MCSE:Internet Information Server 4 14 tian zi xue jiao cheng @f(美)[C.威尔]Christoph Wille著 @g邓明等译
210    @a北京@c机械工业出版社@a[纽约]@c西蒙与舒斯特国际出版公司@d1999.01
215    @a16,333页@d26cm@e光盘1片
307    @a附光盘:ISBN7-900314-29-6
503    @n河南城建学院图书馆
510 1  @aSams teach yourself MCSE Internet Information Server 4 in 14 days@zeng
606 0  @a互联网络@x网络服务器@x教材
690    @aTP393@v3
690    @aTP393.4@v4
692    @a73.879@v2
701  1 @c(美)@a威尔@c(Wille, Christoph)@9wei er@4著
702  0 @a邓明@9deng ming@4译
801  0 @aCN@bMuseLib.NET@c20021005
905    @aZUCC@dTP393.4@eW497
    
    MCSE:Internet Information Server 4 14天自学教程 /(美)[C.威尔]Christoph Wille著 /邓明等译.-北京:机械工业出版社;[纽约]:西蒙与舒斯特国际出版公司,1999.01
    16,333页;26cm+光盘1片
    
    
    ISBN 7-111-06960-9:CNY49.00
    
●
相关链接 在E读中查询图书 在当当中查询图书 在豆瓣中查询图书


正题名:MCSE:Internet Information Server 4 14天     索取号:TP393.4/W497         预约/预借

序号 登录号 条形码 馆藏地/架位号 状态 备注
1 0416315   204163154   自科库301/301自科库 134排2列3层/ [索取号:TP393.4/W497] 在馆    
2 0416316   204163163   自科库301/301自科库 134排2列3层/ [索取号:TP393.4/W497] 在馆    
河南城建学院图书馆 欢迎您!
大连网信软件有限公司© 版权所有